| 000 | 00488nam a22001817a 4500 | ||
|---|---|---|---|
| 003 | OSt | ||
| 005 | 20140310182323.0 | ||
| 008 | 130920t xxu||||| |||| 00| 0 eng d | ||
| 050 |
_aPR 9275.G73 _b.W617 1975 |
||
| 082 |
_aGS 418.4 _bW61 1975 |
||
| 100 |
_aWhitney, Alma _921195 |
||
| 245 |
_aBeing me / _cAlma Whitney, |
||
| 260 |
_aNew York : _bMacmillan Publishing Company, _cc1975. |
||
| 300 |
_a111 p. : _bill, ; _c23 cm. |
||
| 541 | _j1 | ||
| 562 | _e1 | ||
| 942 |
_2lcc _cBK-GS |
||
| 999 |
_c11851 _d11851 |
||